Music in Hungary: An illustrated history = Képes Magyar zenetörténet 2
Uložené v:
| Médium: | Zvuková nahrávka |
|---|---|
| Jazyk: | English Hungarian |
| Vydané: |
Budapest :
Rózsavölgyi és Társa,
2011.
|
| Fyzický popis: |
1 audio CD ; 12 cm. |
| Tagy: |
Pridať tag
Žiadne tagy, Buďte prvý kto otaguje tento záznam!
|
Titul je dostupný aj v ... 

MARC
| LEADER | 00000njm a2200000 a 4500 | ||
|---|---|---|---|
| 001 | 000417439 | ||
| 003 | SVKKK | ||
| 005 | 20130326103732.0 | ||
| 008 | 130326s2011 hu eng#d | ||
| 028 | 4 | 2 | |a BR 0298 RÉTCD 071 |b Rózsavölgi |
| 040 | |a SVKKK |b slo |c SVKKK |e AACR2 | ||
| 041 | 1 | |a eng |h hun | |
| 044 | |a hu |c HU | ||
| 245 | 0 | 0 | |a Music in Hungary: An illustrated history = |b Képes Magyar zenetörténet |n 2 |h zvukový záznam |
| 246 | 3 | 1 | |a Képes Magyar zenetörténet |
| 260 | |a Budapest : |b Rózsavölgyi és Társa, |c 2011. | ||
| 300 | |a 1 audio CD ; |c 12 cm. | ||
| 500 | |a Set 2 aduio CD | ||
| 710 | 2 | |a Rózsavölgi és Társa |4 pbl | |
| 910 | |a svkkk | ||
| 998 | |a AM | ||
| 090 | |g SCKHL |k Konzultanti |a CDK.4648 |j 5781 |i 2720268698 |s Príručka / Študovňa | ||
| 924 | |a AVM | ||